Hydraulic tables, for finding the mean velocity and discharge in open channels (Record no. 547820)

000 -LEADER
fixed length control field 00654cam a2200157Ka 4500
082 ## - DEWEY DECIMAL CLASSIFICATION NUMBER
Classification number 627.0212
Author Mark HYD
-- L- P-
100 1# - MAIN ENTRY--PERSONAL NAME
Personal name Higham, Thomas.
9 (RLIN) 43956
245 10 - TITLE STATEMENT
Title Hydraulic tables, for finding the mean velocity and discharge in open channels
Remainder of title according to the formulae of Bazin and Kutter /
Statement of responsibility, etc. calculated and compiled by T. Higham.
260 ## - PUBLICATION, DISTRIBUTION, ETC.
Place of publication, distribution, etc. London :
Name of publisher, distributor, etc. E. & F.N. Spon ;
Place of publication, distribution, etc. New York :
Name of publisher, distributor, etc. Spon & Chamberlain,
Date of publication, distribution, etc. 1898.
300 ## - PHYSICAL DESCRIPTION
Extent 1 online resource (x, 80 p.) :
Other physical details ill.
526 ## - STUDY PROGRAM INFORMATION NOTE
Program name 0
Interest level 0
Reading level 0
Title point value 627_021200000000000_HYD
650 #0 - SUBJECT ADDED ENTRY--TOPICAL TERM
Topical term or geographic name entry element Hydraulics
650 #0 - SUBJECT ADDED ENTRY--TOPICAL TERM
Topical term or geographic name entry element MCE
9 (RLIN) 379
856 40 - ELECTRONIC LOCATION AND ACCESS
Uniform Resource Identifier <a href="http://catalog.hathitrust.org/api/volumes/oclc/11498913.html">http://catalog.hathitrust.org/api/volumes/oclc/11498913.html</a>
942 ## - ADDED ENTRY ELEMENTS (KOHA)
Source of classification or shelving scheme
Koha item type Book
Holdings
Withdrawn status Lost status Source of classification or shelving scheme Damaged status Not for loan Permanent Location Current Location Date acquired Total Checkouts Full call number Barcode Date last seen Price effective from Koha item type
          Military College of Engineering (MCE) Military College of Engineering (MCE) 08/07/2014   627.0212 HYD MCE-40563 08/07/2014 08/07/2014 Book
© 2023 Central Library, National University of Sciences and Technology. All Rights Reserved.